000 01858nam a2200205Ia 4500
003 Ost
005 20260507075646.0
008 260507s9999||||xx |||||||||||||| ||und||
040 _cfsecg
041 _aara
082 _a923.1
100 _aبيلجر،جون
_eمؤلف
245 0 _aحكام العالم الجدد /
_cجون بيلجر
260 _aمصر:
_bدار مصر المحروسة,
_c2003
300 _a245 صفحة؛
_bإيضاحات ؛
_c20 سم
520 _aأن المشاهد الثلاثة التي سجلها هذا الكتاب لا تشكل سوى الفصل الاول من هذه التراجيديا العلثية التي لا يدري احد كيف ستتعاقب فصولها ، هل سيتمكن حكام العالم الجدد من فرض الهيمنة على العالم و المنطقة العربية في مقدمته و على رأسه؟ هل سينتهي الأمر بانتصار القطب الأوحد و فرض هيمنته المنفردة على الكون بأسره ؟هل ستكون هذه هي نهاية التاريخو انتصار الحضارة الغربية في صراعها لتكتسح أمامها كل ما أقامته شعوب العالم من حضارات على إمتداد تاريخها؟ و هل سيكون هذا هو ختام المسرحية و نهايتها لتواجه هذه القوة الطاغية الباغية، و تكون لحظة تحليق ذلك الطائر الجارح المفترس في الذروة العليا من الفضاء هي ذاتها اللحظة التي تؤذن بسقوط و انسدال الستار عليه و مو يعاني الهزيمة المريرة التي يلقاها عادة جميع الطغاة.
653 _aالملوك و الحكام
700 _aاسماعيل،داود
_eمؤلف ثانوي
942 _cكتاب
999 _c45479
_d45479